LEADER 01413nam a2200289 i 4500 001 000000020398 003 CaOOAMICUS 005 20250902102605.0 008 180830s19701988xxk u000 u mul u 040 $aSeMil$bita 100 0 $aBasilius : Caesariensis,$c.$0(OLS)http://semarc/name/99860 245 14$aThe letters /$cSaint Basil ; with an english translation by Roy J. Deferrari. 264 1$aCambridge, Massachusetts :$bHarvard University Press ;$aLondon :$bHeinemann,$c1970-1988. 300 $a4 v. ;$c17 cm. 546 $aTesto in inglese e greco 650 4$aBasilio : di Cesarea - Lettere e carteggi.$0(OLS)http://semarc/subject/55047 700 1 $aDeferrari, Roy Joseph,$d<1890-1969>.$0(OLS)http://semarc/name/9142 774 0 $tVol. 1.$kLoeb Classical Library$w()176200 774 0 $tVol. 2.$kLoeb Classical Library$w()176202 774 0 $tVol. 3.$kLoeb Classical Library$w()176203 774 0 $tVol. 4 ; Address to young men on reading greek literature.$kLoeb Classical Library$g4$w()176201 900 1 $aBasilius : Magnus . 996 $6245$aThe letters$9(OLS)http://semarc/title/26888 996 $6264$aCambridge, Massachusetts :$bHarvard University Press$9(OLS)http://semarc/publisher/30206 996 $6264$aLondon :$bHeinemann$9(OLS)http://semarc/publisher/58753 LEADER 01765nam a2200313 i 4500 001 000000048630 003 CaOOAMICUS 005 20231019112645.0 008 150402s1770 it u000 u lat u 026 $ao-o- itt, cidi invi (3) 1770 (R) 040 $aSeMil$bita 100 1 $aValier, Agostino,$c.$0(OLS)http://semarc/name/75441 245 10$aDe occultis Dei beneficiis libri tres Augustini Valerii card. episcopi veronensis ex bibliotheca amplissimi capituli veronensis nunc primum in lucem editi. 264 1$aVeronae :$bApud Haeredem Augustini Carattonii Typographum Episc.,$c1770. 300 $aCLXXXII p. ;$c4º. 500 $aFregio xilogr. sul front. 500 $aSegn.: A-Z?(-Z4) 500 $aIniz., testatine xilogr. 500 $aContiene: Lettere di s. Carlo Borromeo al cardinale Agostino Valerio date per la prima volta alle stampe 650 4$aBorromeo, Carlo - Lettere e carteggi.$0(OLS)http://semarc/subject/4271 700 1 $aBorromeo, Carlo,$c.$0(OLS)http://semarc/name/3012 700 1 $aCarattoni, Agostino eredi,$c.$0(OLS)http://semarc/name/90174 850 $aSeMil 852 $aSeMil$W1$xVenegono$y1$m3D V 48 FA$j14785$B14785$CSeMilBibl$Z2$F14785 $8I 961 $aOmaggio: Biblioteca Seminario Duomo 961 $aTrattasi della seconda parte dell'opera con segnatura 2E IV 55 FA 996 $6245$aDe occultis Dei beneficiis libri tres Augustini Valerii card. episcopi veronensis ex bibliotheca amplissimi capituli veronensis nunc primum in lucem editi$9(OLS)http://semarc/title/73620 996 $6264$aVeronae :$bApud Haeredem Augustini Carattonii Typographum Episc.$9(OLS)http://semarc/publisher/41043